1208 1976 1673 1223 1463 1118 1907 1904 1793 1428 1175 1068 1814 1277 1234 1660 1897 1592 1433 1942 1699 1640 1290 1837 1539 1204 1168 1548 1572 1565 1252 1248 1860 1720 1655 1188 1721 1960 1373 1094 1060 1626 1572 1211 1999 1950 2000 1400 1037 1152 1782 1046 1169 1513 1802 1454 1907 1090 1254 1622 1076 1503 1770 1936 1023 1500 1429 1307 1553 1140 1428 1216 1675 1813 1608 1181 1006 1761 1588 1584 1785 1417 1631 1812 1545 1538 1547 1307 1060 1151 1554 1353 1016 1336 1810 1216 1003 1808 1358 BCNSPRNW ULIB Ver.6.0+V

เปลี่ยนเป็นภาษาไทย

Change to English
 แสดงรายละเอียดบรรณานุกรม
  กลับหน้าหลัก

Brief Record : Get Marc (ISO 2709) : E-mail record : QR code < ปิดหน้าต่าง
LEADER : 00000nam 2200000uu 4500
001    13399112298
003     ULIB
008    110627s2553||||th 000 0 tha d
020    9786167205205
090    นว.^bบ675ร 2553
100 0  บุษบาพาฝัน
245 00 รอยแค้น แสนรัก/^cบุษบาพาฝัน
250    พิมพ์ครั้งที่ 1
260    กรุงเทพฯ :^bเม็ดทรายพริ้นติ้ง,^c2553
300    451 หน้า
710 1  เม็ดทรายพริ้นติ้ง
945    ^p328^l0^i028074
995    ทศพร
999 ^a ใช้งานได้ทุกระบบ
รายการนี้ยังไม่มีแท็ก
คุณยังไม่ได้ล็อกอิน คุณสามารถมีกิจกรรมร่วมกับเว็บไซต์ได้ แต่ต้องล็อกอินก่อน ::
  ล็อกอิน

รายการสื่อสารสนเทศ

ลำดับที่ ประเภท เลขเรียก/บาร์โค้ด สถานที่ สถานะ
- ไม่พบข้อมูล -

BibComment


ยังไม่เคยถูกคอมเมนท์

คอมเมนท์ทรัพยากรรายการนี้
  คอมเมนท์: รอยแค้น แสนรัก บุ..


 Copyright 2026. Bcnsprnw @Library